Statistics for Official Names of African Countries with a Map

Click here to take the quiz!

General Stats

  • This quiz has been taken 45 times
  • The average score is 41 of 54

Answers on the Map

Answers color-coded by a green-red scale on the quiz's map according to % correct below.
 

Answer Stats

Country% Correct
Republic of South Africa
95%
Democratic Republic of the Congo
92%
Republic of Benin
92%
Republic of Burundi
92%
Republic of Cameroon
92%
Republic of Chad
92%
Republic of Ghana
92%
Republic of Guinea
92%
Republic of Kenya
92%
Republic of Liberia
92%
Republic of Mozambique
92%
Republic of Namibia
92%
Republic of Rwanda
92%
Republic of Senegal
92%
Republic of Sierra Leone
92%
Republic of South Sudan
92%
Central African Republic
90%
Republic of Angola
90%
Republic of Botswana
90%
Republic of Djibouti
90%
Republic of Guinea-Bissau
90%
Republic of Madagascar
90%
Republic of Mali
90%
Republic of the Congo
90%
Republic of Uganda
90%
Republic of Zambia
90%
Republic of Zimbabwe
90%
Republic of Equatorial Guinea
87%
Republic of Malawi
87%
Republic of Burkina Faso
85%
Kingdom of Eswatini
82%
Kingdom of Morocco
82%
Republic of Mauritius
82%
Republic of Seychelles
82%
Kingdom of Lesotho
79%
Republic of the Gambia
72%
Islamic Republic of Mauritania
64%
Republic of Cabo Verde
62%
Arab Republic of Egypt
56%
Republic of Côte d'Ivoire
56%
Republic of the Sudan
56%
Gabonese Republic
51%
Togolese Republic
51%
Federal Republic of Nigeria
49%
State of Eritrea
49%
Democratic Republic of Sao Tome and Principe
46%
People's Democratic Republic of Algeria
46%
Federal Democratic Republic of Ethiopia
44%
Federal Republic of Somalia
44%
State of Libya
44%
Union of the Comoros
41%
United Republic of Tanzania
41%
Republic of the Niger
38%
Tunisian Republic
36%

Score Distribution

Percentile by Number Answered

Percent of People with Each Score

Your Score History

You have not taken this quiz